00558nam 22001693 4500001000700000100004100007200006500048210002700113215003300140304005300173606003200226610002500258675002500283700003300308801001800341830002900359202814 a20260630d u||y0pory50 ba aSimone de beauvoir ou l'entreprise de vivrefFrancis Jeanson aPariscSeuildimp.1966 a301, [1] p.cbrochadod21 cm asuivi de deux entretiens avec Simone de Beauvoir aLiteratura FrancesaxEnsaio aEm língua Francesa a821.133.1-4vFRzfra aJeansonbFrancis f1922-2009 aPTbBMMNgRPC cAna FalardofAna Falardo